¿De quién es el presupuesto? (Registro nro. 9609)
[ vista simple ]
| 000 -LEADER | |
|---|---|
| fixed length control field | 00323 a2200109 4500 |
| 001 - CONTROL NUMBER | |
| control field | ART_18709 |
| 005 - DATE AND TIME OF LATEST TRANSACTION | |
| control field | 20260410161600.0 |
| 008 - FIXED-LENGTH DATA ELEMENTS--GENERAL INFORMATION | |
| fixed length control field | 260409a |
| 100 1# - MAIN ENTRY--PERSONAL NAME | |
| Personal name | Herrscher, Enrique G. |
| 245 10 - TITLE STATEMENT | |
| Title | ¿De quién es el presupuesto? |
| 773 0# - HOST ITEM ENTRY | |
| Title | Profesional & Empresaria |
| Related parts | - Año XIV, Nº 168 (sep. 2013) |
| Record control number | REV70 |
No hay ítems disponibles.